| 000 | 00609nam a2200217Ia 4500 | ||
|---|---|---|---|
| 003 | OSt | ||
| 005 | 20220928135342.0 | ||
| 006 | a|||||r|||| 00| 0 | ||
| 007 | ta | ||
| 008 | 220927b |||||||| |||| 00| 0 eng d | ||
| 024 | _a1416 | ||
| 037 | _cTextual | ||
| 040 |
_aSDCL _cSDCL _beng |
||
| 041 |
_2eng _aeng |
||
| 082 | _aX:327.6'N9, N4 | ||
| 100 |
_aCooper Charles _9362632 |
||
| 245 | 0 | _aScience and technology in Africa under conditions of economic crisis and structural adjustment | |
| 260 | _c1994 | ||
| 942 |
_hX:327.6'N9, N4 _cTEXL _2CC |
||
| 999 |
_c805266 _d805266 |
||